Statistiken für European Darts Grand Prix

Klicken Sie hier um das Quiz zu spielen!

Allgemein

  • Dieses Quiz wurde 151 mal gespielt
    (19 seit der letzten Aktualisierung)
  • Das Durchschnittsergebnis liegt bei 8 aus 10

Antwortstatistiken

JahrNationalitätSieger% Korrekt
2024SchottlandGary Anderson
100%
2020PortugalJosé de Sousa
100%
2017SchottlandPeter Wright
100%
2016NiederlandeMichael van Gerwen
94%
2018NiederlandeMichael van Gerwen
94%
2023EnglandRob Cross
94%
2015BelgienKim Huybrechts
88%
2022EnglandLuke Humphries
88%
2019EnglandIan White
47%
2014EnglandMervyn King
29%

Verteilung der Resultate

Perzentil nach korrekt beantworteten Fragen

Anzahl Personen mit jedem Resultat

Ihre Resultats-Entwicklung

Sie haben dieses Quiz seit der letzten Aktualisierung nicht gespielt